00451nam a2200085Ia 4500008004100000245000900041300026500050650000900315856004100324170517s9999 xx 000 0 und d aRize aNoted photographer David LaChapelle makes his feature directorial debut with this documentary on a new facet of street culture in South Central Los Angeles. In 1992, after long-simmering racial tensions in Los Angeles erupted in riots following the verdicts... xArt. uhttp://topdocumentaryfilms.com/rize/